HBR 20-Minute Manager Boxed Set (10 Book Set)

Saved in:
Bibliographic Details
Main Author: HBR
Format: Book
Published: Harvard Uni.
Tags: Add Tag
No Tags, Be the first to tag this record!

MARC

LEADER 00000nam a2200000Ia 4500
005 20260513122052.0
020 |a 9781633690950 
100 |a HBR 
365 |c Rs. 
365 |b 20.00 
942 |c BK 
245 |a HBR 20-Minute Manager Boxed Set (10 Book Set) 
260 |b Harvard Uni. 
999 |c 77  |d 77 
952 |0 0  |1 0  |4 0  |7 0  |a UNSW  |b UNSW  |d 2026-04-29  |g 3299.00  |i 16671  |l 0  |p 000006  |r 2026-05-13 12:20:52  |v 3299.00  |w 2026-05-13  |y BK